<?xml version="1.0" encoding="UTF-8"?>
<record
    xmlns:xsi="http://www.w3.org/2001/XMLSchema-instance"
    xsi:schemaLocation="http://www.loc.gov/MARC21/slim http://www.loc.gov/standards/marcxml/schema/MARC21slim.xsd"
    xmlns="http://www.loc.gov/MARC21/slim">

  <leader>01341nab a2200241 i 4500</leader>
  <controlfield tag="001">768714001</controlfield>
  <controlfield tag="003">CO-MdFUSB</controlfield>
  <controlfield tag="005">20240801145439.0</controlfield>
  <controlfield tag="008">240801t1992    -us||||| |||| 00| 0 eng d</controlfield>
  <datafield tag="040" ind1=" " ind2=" ">
    <subfield code="b">spa</subfield>
    <subfield code="c">CO-MdFUSB</subfield>
    <subfield code="d">CO-MdFUSB</subfield>
  </datafield>
  <datafield tag="041" ind1=" " ind2=" ">
    <subfield code="a">eng</subfield>
  </datafield>
  <datafield tag="100" ind1=" " ind2=" ">
    <subfield code="a">Whiteman, Darrell L., &#x200E;</subfield>
    <subfield code="e">autor</subfield>
  </datafield>
  <datafield tag="245" ind1=" " ind2="4">
    <subfield code="a">The legacy of Alan R. Tippett </subfield>
    <subfield code="c">/ Darrell L. Whiteman</subfield>
  </datafield>
  <datafield tag="520" ind1=" " ind2=" ">
    <subfield code="a">Ian R. despu&#xE9;s de servir en la Misi&#xF3;n Metodista Australiana durante veinte a&#xF1;os, Tippett se convirti&#xF3; en un destacado misi&#xF3;logo y fund&#xF3; la Escuela de Misionolog&#xED;a para el Crecimiento de la Iglesia durante su estancia en Fiji.  Estaba entusiasmado por ayudar a los esfuerzos misioneros para pasar de la era colonial a la &#xE9;poca poscolonial, y cre&#xED;a que el conocimiento antropol&#xF3;gico era esencial.  El legado misionero de Tippett se ejemplifica en este art&#xED;culo, ya que dej&#xF3; su impecable erudici&#xF3;n y diversas publicaciones.</subfield>
  </datafield>
  <datafield tag="546" ind1=" " ind2=" ">
    <subfield code="a">Texto en ingl&#xE9;s.</subfield>
  </datafield>
  <datafield tag="650" ind1=" " ind2="7">
    <subfield code="a">Misioneros</subfield>
    <subfield code="9">931</subfield>
  </datafield>
  <datafield tag="650" ind1=" " ind2="0">
    <subfield code="a">Vida cristiana</subfield>
    <subfield code="9">19</subfield>
  </datafield>
  <datafield tag="650" ind1=" " ind2="0">
    <subfield code="a">Misiones</subfield>
    <subfield code="9">154</subfield>
  </datafield>
  <datafield tag="650" ind1=" " ind2="0">
    <subfield code="a">Evangelizaci&#xF3;n</subfield>
    <subfield code="9">362</subfield>
  </datafield>
  <datafield tag="773" ind1="0" ind2=" ">
    <subfield code="0">49483</subfield>
    <subfield code="9">82865</subfield>
    <subfield code="o">R2729</subfield>
    <subfield code="t">International Bulletinof Missionary Research</subfield>
    <subfield code="w">(CO-MdFUSB)768714001</subfield>
    <subfield code="x">0272-6122</subfield>
    <subfield code="g">Volumen 16, (n&#xFA;mero 4, 1992), p&#xE1;ginas: 163 - 166</subfield>
    <subfield code="q">p&#xE1;gina: 163</subfield>
  </datafield>
  <datafield tag="942" ind1=" " ind2=" ">
    <subfield code="c">ANA</subfield>
  </datafield>
  <datafield tag="945" ind1=" " ind2=" ">
    <subfield code="a">Catherine Arias &#xC1;lvarez - Practicante SENA</subfield>
  </datafield>
  <datafield tag="999" ind1=" " ind2=" ">
    <subfield code="c">70698</subfield>
    <subfield code="d">70698</subfield>
  </datafield>
</record>
